Vivat Bešeňovský (Na pol úst)

Bibliographic Details
Main Author: Lajčiak, Ladislav, 1945- (Author)
Format: Article
Language:Slovak
ISSN:1335-7026
Subjects:
Online Access:http://www.snk.sk/images/snk/casopis_kniznica/2005/maj_jun/60.pdf

MARC

LEADER 00000nab a2200000 a 4500
001 vtls008294566
003 SK-MaSNL
005 20260304140118.0
008 250505c2005 xo mr|p|||||||000 b|slo
015 |a SNBRB2005/08  |2 snkbucl 
035 |a (uuid)71ff1133-722b-45f8-9e38-424aaec9fcb4 
035 |a urn:nbn:sk:snk-abbyzc 
035 |a (urnnbn)urn:nbn:sk:snk:ar-000o7f 
038 |a SNKBUCL 
040 |a SNKBUCL  |b slo  |c SNKBUCL  |e AACR2 
041 0 |a slo 
044 |a xo  |c SK 
080 |a 82:929:821.162.4  |2 1997 
080 |a 821.162.4:929  |2 1997 
080 |a 929 Bešeňovský, Ľudo  |2 1997 
100 1 |a Lajčiak, Ladislav,  |d 1945-  |4 aut  |9 104766 
245 1 0 |a Vivat Bešeňovský (Na pol úst)  |c Ladislav Lajčiak 
600 1 7 |a Bešeňovský, Ľudo,  |d 1910-1994  |2 snkbucl  |9 132389 
655 7 |a profily  |2 snkbucl  |9 341977 
773 0 |t Knižnica  |g Roč. 6, č. 5-6 (2005), s. 60  |x 1335-7026 
850 |a Slovenská národná knižnica 
852 |a Slovenská národná knižnica 
856 4 1 |u http://www.snk.sk/images/snk/casopis_kniznica/2005/maj_jun/60.pdf 
954 |a odborná, vedecká literatúra pôvodná (slovenská)  |2 lita 
958 |a article15 
958 |a OND 
958 |a BX 
958 |a LX 
958 |a EUIPO 
999 |c 2913700  |d 2915630